000
00265nam a22000977a 4500
999
_c
517018
_d
517018
082
_a
TNC B12x43 St45
100
_a
Stern,Susan, ed.
_9
24088
245
_a
Meet United Germany
_c
Edited by Susan Stern
260
_a
Germany
_b
Frankfurter Allgemeine
_c
1991
300
_a
280p.